000 00363nam a2200157Ia 4500
003 Ost
005 20260225132549.0
008 260225s9999||||xx |||||||||||||| ||und||
040 _cfsic
041 _afre
082 _a440
100 _aJacques derogy
_eAuteur
245 0 _aEnquéte sur un carrefour dangereux /
245 0 _cJacques derogy
942 _cكتاب
999 _c34002
_d34002